Statistics for Countries that are completely surrounded by 2 countries

Click here to take the quiz!

General Stats

  • This quiz has been taken 27 times
    (20 since last reset)
  • The average score is 5 of 7

Answer Stats

Answer% Correct
Andorra
82%
Eswatini
82%
Liechtenstein
82%
Bhutan
71%
Nepal
71%
Moldova
59%
Mongolia
59%

Score Distribution

Percentile by Number Answered

Percent of People with Each Score

Your Score History

You have not taken this quiz since the last reset